Catalog

Record Details

Catalog Search



Veronika decides to die  Cover Image Book Book

Veronika decides to die / Paulo Coelho ; translated from the Portuguese by Margaret Jull Costa.

Coelho, Paulo. (Author). Costa, Margaret Jull. (Added Author).

Record details

  • ISBN: 0060196122
  • Physical Description: 210 pages ; 22 cm.
  • Publisher: New York : HarperCollins Publishers, 2000.

LDR 00821nam a2200253 a 4500
001119862
003CONS
00520140703092840.0
008991229s2000 nyu 000 1 eng
010 . ‡a 99462119
020 . ‡a0060196122
035 . ‡a(CPomAG)LMN394310
0411 . ‡aeng ‡hpor
042 . ‡apcc
05000. ‡aPQ9698.13.O3546 ‡bV4713 2000
08200. ‡a869.3/42 ‡221
1001 . ‡aCoelho, Paulo.
24510. ‡aVeronika decides to die / ‡cPaulo Coelho ; translated from the Portuguese by Margaret Jull Costa.
260 . ‡aNew York : ‡bHarperCollins Publishers, ‡c2000.
300 . ‡a210 pages ; ‡c22 cm.
7001 . ‡aCosta, Margaret Jull.
7300 . ‡aVeronika decide morrer. ‡lEnglish
959 . ‡i32269000614654 ‡lF Coe ‡aAdult - Fiction ‡tFiction ‡g24.00
852 . ‡p32269000614654 ‡jF Coe ‡gAdult - Fiction ‡cFiction ‡y24.00 ‡bSBPL
901 . ‡a119862 ‡bUnknown ‡c119862 ‡tbiblio

Additional Resources